|
|
|
|
| LEADER |
00706nam a2200229Ia 4500 |
| 008 |
141004s9999 xx 000 0 und d |
| 020 |
|
|
|a 9789400740525
|
| 040 |
|
|
|c a
|
| 041 |
|
|
|a English
|
| 082 |
|
|
|a 581.632
|
| 082 |
|
|
|b LIM/ED
|
| 100 |
|
|
|a t.K LIM
|
| 245 |
|
|
|a Edible Medicinal And Non Medicinal Plants, Volume 4, Fruits
|
| 245 |
|
|
|c t.K LIM
|
| 260 |
|
|
|b Springer
|
| 260 |
|
|
|c 2012
|
| 300 |
|
|
|a 1022p.
|
| 365 |
|
|
|a E 229
|
| 650 |
|
|
|a Edible Plants
|
| 942 |
|
|
|c REF
|
| 999 |
|
|
|c 176927
|d 176927
|
| 952 |
|
|
|0 0
|1 0
|4 0
|6 581_632000000000000_LIM_ED
|7 0
|8 MED
|9 181860
|a KAUCOF
|b KAUCOF
|g 0.00
|o 581.632 LIM/ED
|p KAU_COF-5788
|r 2014-10-04
|w 2014-10-04
|y REF
|